[Event "44th Ghent Open 2023"]
[Site "Ghent BEL"]
[Date "2023.07.17"]
[Round "7.4"]
[White "Gormally, Daniel W"]
[Black "Miedema, David"]
[Result "1-0"]
[WhiteTitle "GM"]
[BlackTitle "IM"]
[WhiteElo "2432"]
[BlackElo "2375"]
[WhiteFideId "406465"]
[BlackFideId "1018477"]
[EventDate "2023.07.11"]

1. d4 Nf6 2. c4 e6 3. Nf3 d5 4. Nc3 Bb4 5. Qa4+ Nc6 6. e3 O-O 7. Bd2 Re8 8. a3
Bf8 9. Be2 h6 10. Rd1 Bd7 11. Qc2 dxc4 12. Bxc4 e5 13. Nxe5 Nxe5 14. dxe5 Rxe5
15. O-O Ng4 16. h3 Qh4 17. Be1 Bd6 18. Rxd6 cxd6 19. f4 Qd8 20. fxe5 Nxe3 21.
Qg6 Nxf1 22. Qxf7+ Kh8 23. Bxf1 dxe5 24. Bg3 Qb6+ 25. Kh2 Qd6 26. Ne4 Qd4 27.
Nf6 Bf5 28. Ne8 Qd7 29. Qf8+ Kh7 30. Nf6+ 1-0

[Event "44th Ghent Open 2023"]
[Site "Ghent BEL"]
[Date "2023.07.17"]
[Round "7.5"]
[White "Ruzhansky, Elias"]
[Black "De Waele, Warre"]
[Result "1/2-1/2"]
[BlackTitle "FM"]
[WhiteElo "2209"]
[BlackElo "2350"]
[WhiteFideId "472824"]
[BlackFideId "241156"]
[EventDate "2023.07.11"]

1. e4 Nc6 2. Nf3 d6 3. d4 Nf6 4. Nc3 g6 5. d5 Nb8 6. e5 dxe5 7. Nxe5 Bg7 8. Bc4
O-O 9. O-O Nbd7 10. Nf3 Nb6 11. Bb3 Bg4 12. h3 Bxf3 13. Qxf3 Nfd7 14. Bf4 Nc5
15. Rad1 Qd7 16. Qe3 Nxb3 17. axb3 Nc8 18. Rfe1 Re8 19. Be5 Nd6 20. Bxg7 Kxg7
21. Ne4 Nxe4 22. Qxe4 a5 23. Rd4 Ra6 24. Qe5+ f6 25. Qe3 a4 26. bxa4 Rxa4 27. c4
b5 28. b3 Ra3 29. cxb5 Qxb5 30. Re4 e5 31. dxe6 Rxb3 32. Qc1 Re7 33. Rd4 Rd3 34.
Rc4 Qa5 35. Rc5 Qb6 36. Rc6 Qa5 37. Rc5 Qb6 38. Rc6 Qa5 39. Rc5 1/2-1/2

[Event "44th Ghent Open 2023"]
[Site "Ghent BEL"]
[Date "2023.07.17"]
[Round "7.6"]
[White "Csonka, Balazs"]
[Black "Grooten, Herman"]
[Result "1-0"]
[WhiteTitle "IM"]
[BlackTitle "IM"]
[WhiteElo "2497"]
[BlackElo "2241"]
[WhiteFideId "742910"]
[BlackFideId "1000330"]
[EventDate "2023.07.11"]

1. c4 c5 2. Nf3 b6 3. Nc3 Nf6 4. e4 d6 5. d4 cxd4 6. Nxd4 Bb7 7. f3 e6 8. Be3
Be7 9. g4 O-O 10. Qd2 Nc6 11. O-O-O a6 12. Kb1 Nd7 13. h4 Nxd4 14. Bxd4 Qc7 15.
Be2 Bc6 16. g5 Qb7 17. h5 f5 18. h6 g6 19. Bg7 Rf7 20. Rh4 Nf8 21. exf5 gxf5 22.
Bxf8 Rfxf8 23. f4 e5 24. Qe3 exf4 25. Qd4 Be4+ 26. Ka1 Bd8 27. Rxf4 Re8 28. Nxe4
fxe4 29. Rdf1 Bxg5 30. Rf7 Qxf7 31. Rxf7 Kxf7 32. Qg7+ Ke6 33. Bg4# 1-0

[Event "44th Ghent Open 2023"]
[Site "Ghent BEL"]
[Date "2023.07.17"]
[Round "7.7"]
[White "Dauw, Sterre"]
[Black "Van der Stricht, Geert"]
[Result "0-1"]
[WhiteTitle "FM"]
[BlackTitle "IM"]
[WhiteElo "2244"]
[BlackElo "2329"]
[WhiteFideId "248886"]
[BlackFideId "201324"]
[EventDate "2023.07.11"]

1. e4 c5 2. Nf3 d6 3. d4 cxd4 4. Nxd4 Nf6 5. Nc3 a6 6. h3 e5 7. Nde2 h5 8. g3
Be7 9. Bg2 b5 10. O-O Nbd7 11. Bg5 Bb7 12. b4 O-O 13. a4 bxa4 14. Rxa4 a5 15. b5
Nc5 16. Bxf6 Nxa4 17. Bxe7 Nxc3 18. Bxd8 Nxd1 19. Bc7 Nb2 20. Nc3 a4 21. Ra1
Rfc8 22. b6 Nc4 23. Nb5 Ra5 24. Bf1 Rxb5 25. Bxc4 Rxb6 26. Bxf7+ Kxf7 27. Bxb6
Ra8 28. f3 a3 29. c4 a2 30. c5 d5 31. exd5 Bxd5 32. Bc7 Ke6 33. f4 exf4 34. gxf4
Be4 35. Kf2 Bb1 36. Be5 g5 37. c6 Kf5 38. c7 gxf4 39. Bd6 Rg8 40. Be7 Ra8 41.
Bd6 Rc8 42. Kf3 Be4+ 43. Kf2 Bb1 44. Kf3 Ra8 45. Bxf4 Ra3+ 46. Kf2 Rc3 47. Bd6
h4 48. Kg2 Ke4 49. Kf2 Rc2+ 50. Kg1 Kf3 51. Be5 Rc5 52. Bd6 Rc6 53. Be5 Rc5 54.
Bd6 Rc1+ 55. Kh2 Rc2+ 56. Kg1 Rg2+ 57. Kh1 Rg8 58. Kh2 Rc8 59. Kg1 Re8 60. Be5
Rg8+ 61. Kh2 Ke4 62. Bd6 Kd5 63. Bf4 Kc4 64. Bg5 Rc8 65. Bf4 Kb3 66. Kg2 Be4+
67. Kf2 Bf5 68. Be5 Re8 69. Bd4 Re4 70. Bg7 Bxh3 71. Rc1 Rc4 72. Rh1 Bf5 73. Bf6
h3 74. Be5 Bc8 75. Kg3 Rg4+ 76. Kf3 Rc4 77. Ke3 Rc2 78. Kf4 Rc4+ 79. Ke3 Rc5 80.
Kf4 Rc2 81. Kg3 Re2 82. Bd4 Kc4 83. Ba1 Rg2+ 84. Kf3 Rc2 85. Kg3 Kb5 86. Be5 Rc5
87. Kf4 Rc4+ 88. Kg3 Re4 89. Ba1 Ka4 90. Bf6 Re6 91. Bd4 Rd6 92. Be5 Rb6 93. Rd1
Rb3+ 94. Kh2 Re3 95. Rd8 Re2+ 96. Kg1 Rxe5 0-1

[Event "44th Ghent Open 2023"]
[Site "Ghent BEL"]
[Date "2023.07.18"]
[Round "8.1"]
[White "Laurent-Paoli, Pierre"]
[Black "Pijpers, Arthur"]
[Result "1-0"]
[WhiteTitle "IM"]
[BlackTitle "IM"]
[WhiteElo "2531"]
[BlackElo "2465"]
[WhiteFideId "26017962"]
[BlackFideId "1019554"]
[EventDate "2023.07.11"]

1. d4 Nf6 2. c4 g6 3. h4 Bg7 4. Nc3 c5 5. d5 d6 6. e4 e6 7. Be2 exd5 8. exd5
Nbd7 9. Nf3 Ng4 10. h5 O-O 11. h6 Bh8 12. Bg5 Qb6 13. Qb3 Re8 14. Kf1 Ndf6 15.
Qxb6 axb6 16. Nd2 Bd7 17. Bf4 Nh5 18. Bxd6 Bd4 19. Bxg4 Bxg4 20. Nf3 Rac8 21.
Kg1 f6 22. Rc1 Bxf3 23. gxf3 Kf7 24. Kg2 Rcd8 25. Bh2 Rd7 26. Rhe1 Rxe1 27. Rxe1
Bxc3 28. bxc3 f5 29. Bb8 b5 30. cxb5 Rxd5 31. a4 c4 32. Rb1 Nf6 33. Ba7 Rd2 34.
Rb4 Nd5 35. Rxc4 g5 36. Bd4 Ra2 37. Rc5 Ke6 38. c4 Nf4+ 39. Kh2 Nd3 40. Rc7 Rxa4
41. Kg3 Rb4 42. b6 Rb1 43. Rxh7 Rh1 44. Kg2 Rd1 45. Be3 f4 46. Rxb7 fxe3 47.
fxe3 Rd2+ 48. Kg3 Ne1 49. Rb8 Rg2+ 50. Kh3 Rg1 51. Rf8 1-0

[Event "44th Ghent Open 2023"]
[Site "Ghent BEL"]
[Date "2023.07.18"]
[Round "8.2"]
[White "Hausrath, Daniel"]
[Black "Gormally, Daniel W"]
[Result "1/2-1/2"]
[WhiteTitle "GM"]
[BlackTitle "GM"]
[WhiteElo "2442"]
[BlackElo "2432"]
[WhiteFideId "4617495"]
[BlackFideId "406465"]
[EventDate "2023.07.11"]

1. Nf3 d5 2. g3 g6 3. Bg2 Bg7 4. d4 Nf6 5. O-O O-O 6. c4 dxc4 7. Na3 Nc6 8. Nxc4
Be6 9. b3 Bd5 10. Bb2 a5 11. e3 a4 12. Qe2 e6 13. Rfc1 Bxf3 14. Bxf3 Nd5 15. Ba3
Re8 16. b4 Na7 17. Bb2 c6 18. a3 Nb5 19. Qc2 Qc7 20. Re1 Red8 21. Rad1 Ne7 22.
Be2 Nd6 23. Ne5 b5 24. Rc1 Rac8 25. Qb1 Qb6 26. Rc5 Nb7 27. Rc2 Bxe5 28. dxe5
Nf5 29. Bf3 c5 30. Bxb7 Qxb7 31. Rxc5 Rxc5 32. bxc5 Qf3 33. Qc2 Nh4 34. gxh4
Qg4+ 35. Kf1 Qh3+ 36. Kg1 Qg4+ 1/2-1/2

[Event "44th Ghent Open 2023"]
[Site "Ghent BEL"]
[Date "2023.07.18"]
[Round "8.3"]
[White "Fernandez, Daniel Howard"]
[Black "Csonka, Balazs"]
[Result "1/2-1/2"]
[WhiteTitle "GM"]
[BlackTitle "IM"]
[WhiteElo "2518"]
[BlackElo "2497"]
[WhiteFideId "5801605"]
[BlackFideId "742910"]
[EventDate "2023.07.11"]

1. Nf3 d5 2. e3 Nf6 3. b3 Bf5 4. Nh4 Bg4 5. f3 Bd7 6. f4 g6 7. Bb2 Bg7 8. Be2
O-O 9. Nf3 c5 10. O-O Nc6 11. Ne5 Ne4 12. Qc1 Nxe5 13. Bxe5 f6 14. Bb2 e5 15.
Bf3 Bc6 16. fxe5 Ng5 17. exf6 Nxf3+ 18. Rxf3 d4 19. f7+ Rxf7 20. Rxf7 Kxf7 21.
Qe1 dxe3 22. Qf1+ Kg8 23. Bxg7 Kxg7 24. dxe3 Qg5 25. Nd2 Rd8 26. Nf3 Qxe3+ 27.
Qf2 Qxf2+ 28. Kxf2 Bxf3 29. Kxf3 Rd2 30. Re1 Kf6 31. Re2 Rxe2 32. Kxe2 Ke5 33.
Kd3 b5 34. a3 Kd5 35. b4 cxb4 36. axb4 h6 37. c3 a6 38. g4 h5 39. gxh5 gxh5 40.
h4 Ke5 41. Ke3 1/2-1/2

[Event "44th Ghent Open 2023"]
[Site "Ghent BEL"]
[Date "2023.07.18"]
[Round "8.4"]
[White "Grooten, Herman"]
[Black "Maerevoet, Sim"]
[Result "0-1"]
[WhiteTitle "IM"]
[BlackTitle "FM"]
[WhiteElo "2241"]
[BlackElo "2414"]
[WhiteFideId "1000330"]
[BlackFideId "241725"]
[EventDate "2023.07.11"]

1. d4 d5 2. c4 e6 3. Nf3 Nf6 4. Nc3 dxc4 5. e3 a6 6. a4 b6 7. Bxc4 Bb7 8. O-O c5
9. Qe2 Nbd7 10. Rd1 Qc7 11. e4 cxd4 12. Nxd4 Bc5 13. Bxe6 fxe6 14. Nxe6 Qe5 15.
Nxg7+ Kf7 16. Nf5 h5 17. b4 Bf8 18. Bb2 Re8 19. Qf3 Qe6 20. Qg3 Rg8 21. Qh3 Ne5
22. Rac1 Qb3 23. f4 Qxb2 24. fxe5 Rxe5 25. Ne3 Qxb4 26. Ncd5 Bxd5 27. Rc7+ Kg6
28. Nxd5 Bc5+ 29. Kf1 Qc4+ 30. Rd3 Qc1+ 31. Ke2 Rxe4+ 0-1

[Event "44th Ghent Open 2023"]
[Site "Ghent BEL"]
[Date "2023.07.18"]
[Round "8.5"]
[White "Dgebuadze, Alexandre"]
[Black "Ruzhansky, Elias"]
[Result "1-0"]
[WhiteTitle "GM"]
[WhiteElo "2433"]
[BlackElo "2209"]
[WhiteFideId "203882"]
[BlackFideId "472824"]
[EventDate "2023.07.11"]

1. e4 e5 2. Nf3 Nf6 3. Nc3 Nc6 4. a3 Bd6 5. Bc4 O-O 6. d3 h6 7. h3 Re8 8. g4 Nd4
9. g5 Nxf3+ 10. Qxf3 hxg5 11. Bxg5 Be7 12. Rg1 Kf8 13. Qg3 d6 14. Bh6 Ng4 15.
Be3 Bh4 16. Qg2 d5 17. Nxd5 c6 18. hxg4 cxd5 19. Bxd5 Bg5 20. Qh2 Bxe3 21. fxe3
Qg5 22. Kd2 1-0

[Event "44th Ghent Open 2023"]
[Site "Ghent BEL"]
[Date "2023.07.18"]
[Round "8.6"]
[White "Miedema, David"]
[Black "Van der Stricht, Geert"]
[Result "1-0"]
[WhiteTitle "IM"]
[BlackTitle "IM"]
[WhiteElo "2375"]
[BlackElo "2329"]
[WhiteFideId "1018477"]
[BlackFideId "201324"]
[EventDate "2023.07.11"]

1. e4 c5 2. Nf3 d6 3. d4 cxd4 4. Nxd4 Nf6 5. Nc3 a6 6. Be3 e6 7. f3 Be7 8. Qd2
b5 9. g4 Bb7 10. O-O-O Nfd7 11. a3 Nc6 12. Kb1 Nce5 13. h4 Nb6 14. Qf2 Nbc4 15.
Bc1 Rc8 16. b3 Nxa3+ 17. Bxa3 Rxc3 18. Bb2 Qc8 19. Bxc3 Qxc3 20. Qd2 Qc5 21. g5
Nd7 22. Bh3 O-O 23. Nxe6 fxe6 24. Bxe6+ Kh8 25. Bxd7 Rxf3 26. Rhf1 Rxf1 27. Rxf1
Bxe4 28. Qf2 Qd5 29. Ka2 h6 30. gxh6 Bf6 31. hxg7+ Bxg7 32. Qf7 Qe5 33. Qe8+
Qxe8 34. Bxe8 Bxc2 35. Rc1 Be4 36. Rc7 Bd4 37. Bc6 Bd3 38. Rb7 Bc5 39. Kb2 b4
40. Bd5 Bd4+ 41. Ka2 Bc5 42. Re7 a5 43. h5 Bd4 44. Be4 Bxe4 45. Rxe4 Be5 46. Rg4
Kh7 47. Rg6 Bf4 48. Kb1 d5 49. Ra6 Bd2 50. Kc2 Bc3 51. Rxa5 d4 52. Ra6 Kg7 53.
Kd3 Kh7 54. Rd6 Kg7 55. Rxd4 Kh6 56. Rd5 Be1 57. Kc4 1-0

[Event "44th Ghent Open 2023"]
[Site "Ghent BEL"]
[Date "2023.07.18"]
[Round "8.7"]
[White "De Waele, Warre"]
[Black "Dauw, Sterre"]
[Result "1/2-1/2"]
[WhiteTitle "FM"]
[BlackTitle "FM"]
[WhiteElo "2350"]
[BlackElo "2244"]
[WhiteFideId "241156"]
[BlackFideId "248886"]
[EventDate "2023.07.11"]

1. d4 Nf6 2. c4 e6 3. Nc3 Bb4 4. Bd2 O-O 5. e3 b6 6. Bd3 Bb7 7. Nf3 d5 8. cxd5
exd5 9. Rc1 a6 10. Ne5 Nbd7 11. a3 Nxe5 12. dxe5 Bxc3 13. Bxc3 Ne4 14. Bxe4 dxe4
15. Qg4 Qe7 16. b4 Qe6 17. Qg3 Rfc8 18. O-O c5 19. Rcd1 cxb4 20. Bxb4 Bd5 21. h3
a5 22. Bd6 Bc4 23. Rfe1 Bd3 24. Rc1 b5 25. Bc5 h6 26. Kh2 Rc6 27. Be7 Kh7 28.
Rxc6 Qxc6 29. Bd6 Qc4 30. Qg4 b4 31. axb4 axb4 32. e6 fxe6 33. Be5 Ra7 34. Ra1
Rb7 35. h4 Qd5 36. Qg3 Be2 37. Ra8 b3 38. Rb8 Rf7 39. Rf8 Rb7 40. Rb8 Rf7 41.
Rf8 Rb7 1/2-1/2

[Event "44th Ghent Open 2023"]
[Site "Ghent BEL"]
[Date "2023.07.19"]
[Round "9.1"]
[White "Miedema, David"]
[Black "Laurent-Paoli, Pierre"]
[Result "0-1"]
[WhiteTitle "IM"]
[BlackTitle "IM"]
[WhiteElo "2375"]
[BlackElo "2531"]
[WhiteFideId "1018477"]
[BlackFideId "26017962"]
[EventDate "2023.07.11"]

1. e4 c6 2. d4 d5 3. e5 Bf5 4. Nf3 e6 5. Be2 c5 6. Be3 Qb6 7. Nc3 Nc6 8. O-O
Qxb2 9. Qb1 Qxb1 10. Raxb1 O-O-O 11. dxc5 d4 12. Bg5 f6 13. Nb5 Bxc5 14. Bh4 a6
15. Nd6+ Bxd6 16. exd6 Bxc2 17. Bc4 Rxd6 18. Rb2 Bf5 19. Nd2 Nge7 20. g4 Bxg4
21. Ne4 Rhd8 22. Nxd6+ Rxd6 23. Bg3 e5 24. f4 e4 25. f5 Ne5 26. Be6+ Kc7 27.
Bxe5 fxe5 28. Rg2 h5 29. h3 Bxh3 30. Rc1+ Rc6 31. Rxc6+ Kxc6 32. Rxg7 Bxf5 33.
Rxe7 Kd6 34. Bxf5 Kxe7 35. Bc8 a5 36. Bxb7 e3 37. Kg2 Kd6 38. Kg3 Kc5 39. Bf3 d3
40. Bxh5 Kd4 41. Kf3 e4+ 0-1

[Event "44th Ghent Open 2023"]
[Site "Ghent BEL"]
[Date "2023.07.19"]
[Round "9.2"]
[White "Maerevoet, Sim"]
[Black "Dgebuadze, Alexandre"]
[Result "0-1"]
[WhiteTitle "FM"]
[BlackTitle "GM"]
[WhiteElo "2414"]
[BlackElo "2433"]
[WhiteFideId "241725"]
[BlackFideId "203882"]
[EventDate "2023.07.11"]

1. c4 c5 2. Nf3 Nc6 3. Nc3 g6 4. e3 Bg7 5. d4 Nf6 6. d5 Na5 7. e4 d6 8. h3 O-O
9. Bd3 a6 10. O-O Rb8 11. a4 e5 12. Bd2 Nh5 13. Ne2 f5 14. Ng5 h6 15. Ne6 Bxe6
16. dxe6 Nc6 17. Ng3 Nf4 18. Bb1 Nd4 19. exf5 gxf5 20. Nh5 Nxh5 21. Qxh5 Qe8 22.
Qxe8 Rbxe8 23. Ra3 Rxe6 24. Re1 Kh8 25. f3 h5 26. Rd3 Rg6 27. Bc3 h4 28. Bxd4
cxd4 29. Rb3 Rf7 30. Rb6 Rgf6 31. Bd3 Bh6 32. b4 Be3+ 33. Kh2 Kg7 34. a5 Re7 35.
b5 e4 36. fxe4 fxe4 37. Bb1 axb5 38. Rxb5 Rfe6 39. Rf5 Re5 40. Ref1 Rxf5 41.
Rxf5 d3 42. g3 Rf7 43. Rxf7+ Kxf7 44. gxh4 Kf6 45. Kg3 Kf5 46. h5 Bh6 47. Kf2
Ke5 48. Ba2 e3+ 49. Ke1 Bg5 0-1

[Event "44th Ghent Open 2023"]
[Site "Ghent BEL"]
[Date "2023.07.19"]
[Round "9.3"]
[White "Gormally, Daniel W"]
[Black "Pijpers, Arthur"]
[Result "1-0"]
[WhiteTitle "GM"]
[BlackTitle "IM"]
[WhiteElo "2432"]
[BlackElo "2465"]
[WhiteFideId "406465"]
[BlackFideId "1019554"]
[EventDate "2023.07.11"]

1. d4 Nf6 2. Nf3 g6 3. g3 Bg7 4. Bg2 c5 5. d5 b5 6. d6 Nc6 7. O-O exd6 8. Nc3 a6
9. Qxd6 Qe7 10. Qxe7+ Nxe7 11. Be3 d6 12. Rad1 Bb7 13. Rxd6 Nf5 14. Rb6 Nxe3 15.
fxe3 b4 16. Na4 Bd5 17. c4 bxc3 18. Nxc3 O-O 19. Rxf6 Bxf6 20. Nxd5 Bxb2 21. Nd2
Rab8 22. Nc4 Kg7 23. Nc7 1-0

[Event "44th Ghent Open 2023"]
[Site "Ghent BEL"]
[Date "2023.07.19"]
[Round "9.4"]
[White "Ruzhansky, Elias"]
[Black "Hausrath, Daniel"]
[Result "0-1"]
[BlackTitle "GM"]
[WhiteElo "2209"]
[BlackElo "2442"]
[WhiteFideId "472824"]
[BlackFideId "4617495"]
[EventDate "2023.07.11"]

1. e4 c6 2. Nc3 d5 3. Nf3 Bg4 4. h3 Bxf3 5. Qxf3 e6 6. d3 Nd7 7. g3 Bb4 8. Bd2
d4 9. Nb1 Qb6 10. b3 a5 11. a3 Bxd2+ 12. Nxd2 a4 13. Nc4 Qc7 14. Bg2 axb3 15.
cxb3 Ne5 16. Qe2 Nxc4 17. dxc4 e5 18. O-O Nf6 19. Rfe1 Nd7 20. Bf1 O-O 21. Qc2
Qd6 22. b4 c5 23. b5 Ra5 24. a4 Rfa8 25. Ra3 Nb6 26. Rea1 Qe6 27. Kg2 R8a7 28.
Bd3 Nc8 29. Qe2 g6 30. Bc2 Nd6 31. Bb3 b6 32. Re1 Rd7 33. Qd3 Kg7 34. Raa1 Re7
35. Rf1 f5 36. f3 Rf7 37. Rae1 fxe4 38. fxe4 Raa7 39. Qe2 Qc8 40. Bc2 Qg8 41.
Bb3 Qa8 42. Kg1 Rxf1+ 43. Kxf1 Rf7+ 44. Kg1 Qa5 45. Rc1 Qb4 46. Qd3 h5 47. Rf1
Rxf1+ 48. Kxf1 Nb7 49. g4 h4 50. g5 Qa3 51. Kg2 Qc1 52. Bd1 Qxg5+ 53. Bg4 Na5 0-1

[Event "44th Ghent Open 2023"]
[Site "Ghent BEL"]
[Date "2023.07.19"]
[Round "9.5"]
[White "Dauw, Sterre"]
[Black "Fernandez, Daniel Howard"]
[Result "0-1"]
[WhiteTitle "FM"]
[BlackTitle "GM"]
[WhiteElo "2244"]
[BlackElo "2518"]
[WhiteFideId "248886"]
[BlackFideId "5801605"]
[EventDate "2023.07.11"]

1. e4 c5 2. Nf3 d6 3. d4 cxd4 4. Nxd4 Nf6 5. Nc3 a6 6. Be2 e5 7. Nb3 Be7 8. g4
h6 9. h4 b5 10. a3 Bb7 11. Qd3 Nbd7 12. Be3 Qc7 13. Bf3 Nb6 14. O-O-O Nc4 15. g5
Nxe3 16. Qxe3 Nd7 17. gxh6 Rxh6 18. h5 Qb6 19. Qxb6 Nxb6 20. Na5 Bc8 21. Nc6 Rf6
22. Rd3 Bf8 23. Rg1 Be6 24. Rg3 Rf4 25. Nb4 Rh4 26. b3 Rh2 27. Rg2 Rxg2 28. Bxg2
Be7 29. Kb2 Bh4 30. Rxd6 Bxf2 31. Ncd5 Nxd5 32. exd5 Bg4 33. h6 Ke7 34. Rc6 gxh6
35. Rxh6 Rg8 36. d6+ Kf8 37. Bh3 Kg7 38. Bxg4 Kxh6 39. Bh3 e4 40. d7 e3 0-1

[Event "44th Ghent Open 2023"]
[Site "Ghent BEL"]
[Date "2023.07.19"]
[Round "9.6"]
[White "Van der Stricht, Geert"]
[Black "Csonka, Balazs"]
[Result "1/2-1/2"]
[WhiteTitle "IM"]
[BlackTitle "IM"]
[WhiteElo "2329"]
[BlackElo "2497"]
[WhiteFideId "201324"]
[BlackFideId "742910"]
[EventDate "2023.07.11"]

1. d4 Nf6 2. c4 e6 3. Nc3 d5 4. Bg5 dxc4 5. e3 a6 6. Bxc4 b5 7. Be2 c5 8. Bf3
Ra7 9. Nge2 Bb7 10. Bxb7 Rxb7 11. O-O Rd7 12. Ne4 cxd4 13. Nxd4 Be7 14. Bxf6
Bxf6 15. Nxf6+ Qxf6 16. Qe2 O-O 17. a4 bxa4 18. Rfc1 e5 19. Nf3 Rd5 20. Rxa4 Qb6
21. Rac4 h6 22. h3 Rfd8 23. Rc8 Qf6 24. Qc4 Qd6 25. Rxd8+ Qxd8 26. Qc8 e4 27.
Nd4 g6 28. Qb7 Rd7 29. Qxe4 Rc7 30. Rxc7 Qxc7 31. b3 Kg7 32. g3 a5 33. h4 h5 34.
Qe8 Nd7 35. Qe7 Kg8 36. Kh2 Qc8 37. Qd6 Kg7 38. Nc6 Nf6 39. Nd4 Ng4+ 40. Kg2 Qc3
41. Qe7 Kg8 42. Qd8+ Kg7 43. Qd7 Kg8 44. Nf3 Qxb3 45. Qd8+ Kg7 46. Qxa5 Qb7 47.
Qc3+ Kg8 48. Qd4 Nh2 49. e4 Nxf3 50. Kxf3 Qb3+ 51. Kf4 Qb5 52. Qd8+ Kg7 53. Qd5
Qb6 54. Qe5+ Kg8 55. f3 Qd8 56. Qc3 Qd6+ 57. e5 Qd7 58. g4 hxg4 59. fxg4 Qd8 60.
Kg3 Qd1 61. Qe3 Kg7 62. Qf2 Qd3+ 63. Qf3 Qd8 64. Qc3 Kg8 65. Qe3 Qd1 66. Kf4 Qd8
67. Kg3 Qd1 68. Qf3 Qe1+ 69. Kh3 1/2-1/2

[Event "44th Ghent Open 2023"]
[Site "Ghent BEL"]
[Date "2023.07.19"]
[Round "9.7"]
[White "Grooten, Herman"]
[Black "De Waele, Warre"]
[Result "0-1"]
[WhiteTitle "IM"]
[BlackTitle "FM"]
[WhiteElo "2241"]
[BlackElo "2350"]
[WhiteFideId "1000330"]
[BlackFideId "241156"]
[EventDate "2023.07.11"]

1. d4 d5 2. c4 e6 3. Nf3 Nf6 4. Nc3 Bb4 5. Qa4+ Nc6 6. e3 O-O 7. Bd2 dxc4 8.
Bxc4 a6 9. Qc2 Bd6 10. h3 b5 11. Be2 Bb7 12. Rd1 e5 13. O-O Re8 14. Bc1 exd4 15.
exd4 b4 16. Nb1 b3 17. axb3 Nb4 18. Qd2 Ne4 19. Qe1 a5 20. Na3 Nd5 21. Nc2 Bb4
22. Nxb4 Nxb4 23. Bc4 Nd6 24. Be3 Bxf3 25. gxf3 Qh4 26. Kh2 Nf5 27. Rd2 Rad8 28.
Rg1 h6 29. Rg4 Qf6 30. Qg1 Nh4 31. Be2 Nd5 32. Rd3 Nf5 33. Kh1 Qd6 34. Bd1 Re6
35. Bd2 Rde8 36. Kg2 Nf6 37. Rf4 Nd5 38. Rg4 h5 39. Rg3 Nxg3 40. fxg3 Rg6 41. g4
Rge6 42. Qf1 Nf4+ 43. Bxf4 Qxf4 44. Qf2 Re1 45. Qd2 Qf6 46. g5 Qf5 47. h4 f6 48.
Rc3 fxg5 49. hxg5 Qd7 50. f4 Qb5 51. Qd3 Qxd3 52. Rxd3 R8e3 53. Rd2 g6 54. Kf2
Re7 55. Be2 Rc1 56. d5 Kg7 57. Bf3 Rb1 58. Kg3 Re3 59. d6 cxd6 60. Kf2 Rxb3 61.
Rxd6 R1xb2+ 62. Be2 Rc3 0-1